000 00607nam a2200229Ia 4500
003 OSt
005 20220928150249.0
006 a|||||r|||| 00| 0
007 ta
008 220927b |||||||| |||| 00| 0 eng d
024 _a89223
037 _cTextual
040 _aSDCL
_cSDCL
_beng
041 _2eng
_aeng
082 _aW691y7M18, N2.2
100 _aBonefeld Werner Ed.
_9515857
245 0 _aOpen Marxism.2V.
260 _c1992
700 _a Gunn Richard Ed.
_9515858
942 _hW691y7M18, N2.2
_cTEXL
_2CC
999 _c840953
_d840953